| 000 | 00792nam a2200217 a 4500 | ||
|---|---|---|---|
| 005 | 20240910064047.0 | ||
| 008 | 991125c1986 mx 000 0 spa u | ||
| 020 | _a9688404055 | ||
| 035 | _aUPN01000012185 | ||
| 049 | _aCG | ||
| 050 | 4 |
_aLE7.2931 U22.265s _bB4 no.2 |
|
| 100 | 1 | _aFernández Ortiz, Luis M. | |
| 245 | 1 | 3 |
_aLa crisis agrícola en México : _balgunos planteamientos y algunos desacuerdos / _cLuis M. Fernández Ortiz, María Tarrío García. |
| 260 |
_aMéxico : _bUAM-Xochimilco, Dirección de Ciencias Sociales y Humanidades, _c1986. |
||
| 300 | _a145 p. | ||
| 440 | 0 |
_aBreviarios de la investigacion ; _v2 |
|
| 650 | 4 |
_aAgricultura _zMéxico _92038 |
|
| 650 | 4 |
_aEducación superior _xInvestigación _913625 |
|
| 700 | 1 |
_aTarrío García, María, _ecoaut. |
|
| 905 | _aLibro | ||
| 999 |
_c12185 _d12185 |
||